<?xml version="1.0" encoding="UTF-8"?><marc:collection xmlns:marc="http://www.loc.gov/MARC21/slim">
  <marc:record>
    <marc:leader>00000nam  2200000za 4500</marc:leader>
    <marc:controlfield tag="001">9.839058</marc:controlfield>
    <marc:controlfield tag="003">CaOODSP</marc:controlfield>
    <marc:controlfield tag="005">20221107151526</marc:controlfield>
    <marc:controlfield tag="007">cr |||||||||||</marc:controlfield>
    <marc:controlfield tag="008">170717s2017    onc     ob   f000 0 fre d</marc:controlfield>
    <marc:datafield tag="040" ind1=" " ind2=" ">
      <marc:subfield code="a">CaOODSP</marc:subfield>
      <marc:subfield code="b">fre</marc:subfield>
    </marc:datafield>
    <marc:datafield tag="043" ind1=" " ind2=" ">
      <marc:subfield code="a">n-cn---</marc:subfield>
    </marc:datafield>
    <marc:datafield tag="086" ind1="1" ind2=" ">
      <marc:subfield code="a">SW21-172/2017F-PDF</marc:subfield>
    </marc:datafield>
    <marc:datafield tag="245" ind1="0" ind2="0">
      <marc:subfield code="a">Il est temps </marc:subfield>
      <marc:subfield code="h">[ressource électronique] : </marc:subfield>
      <marc:subfield code="b">la stratégie du Canada pour prévenir et contrer la violence fondée sur le sexe.</marc:subfield>
    </marc:datafield>
    <marc:datafield tag="246" ind1="3" ind2="0">
      <marc:subfield code="a">Stratégie du Canada pour prévenir et contrer la violence fondée sur le sexe</marc:subfield>
    </marc:datafield>
    <marc:datafield tag="260" ind1=" " ind2=" ">
      <marc:subfield code="a">[Ottawa] : </marc:subfield>
      <marc:subfield code="b">[Condition féminine Canada], </marc:subfield>
      <marc:subfield code="c">[2017]</marc:subfield>
    </marc:datafield>
    <marc:datafield tag="300" ind1=" " ind2=" ">
      <marc:subfield code="a">6 v. (1, 2, 2, 2, 4, 2 p.)</marc:subfield>
    </marc:datafield>
    <marc:datafield tag="500" ind1=" " ind2=" ">
      <marc:subfield code="a">Publi. aussi en anglais sous le titre : It's time : Canada's strategy to prevent and address gender-based violence.</marc:subfield>
    </marc:datafield>
    <marc:datafield tag="500" ind1=" " ind2=" ">
      <marc:subfield code="a">Titre de départ.</marc:subfield>
    </marc:datafield>
    <marc:datafield tag="504" ind1=" " ind2=" ">
      <marc:subfield code="a">Comprend des références bibliographiques.</marc:subfield>
    </marc:datafield>
    <marc:datafield tag="505" ind1="0" ind2="0">
      <marc:subfield code="t">Il est temps d’ouvrir les yeux : qu’est-ce que la violence fondée sur le sexe? -- </marc:subfield>
      <marc:subfield code="t">Il est temps de tirer en constat : qui la violence fondée sur le sexe touche-t-elle? -- </marc:subfield>
      <marc:subfield code="t">Il est temps de porter attention : consultations et rapports -- </marc:subfield>
      <marc:subfield code="t">Il est temps de passer à l’action : mesures fédérales récentes -- </marc:subfield>
      <marc:subfield code="t">Il est temps : la stratégie du Canada pour prévenir et contrer la violence fondée sur le sexe -- </marc:subfield>
      <marc:subfield code="t">Glossaire.</marc:subfield>
    </marc:datafield>
    <marc:datafield tag="520" ind1=" " ind2=" ">
      <marc:subfield code="a">« Le gouvernement fait face à la violence fondée sur le sexe (VFS) avec Il est temps : Stratégie du Canada pour prévenir et contrer la violence fondée sur le sexe. La Stratégie s’inscrit dans la foulée des initiatives fédérales en cours en coordonnant les programmes existants et en posant les bases d’un train de mesures de plus grande envergure contre la VFS. La Stratégie repose sur trois piliers : prévention; soutien aux personnes survivantes et à leur famille; réactivé du système juridique et judiciaire aux besoins. La Stratégie comblera des lacunes dans le soutien actuellement offert à des populations hétérogènes, dont les femmes et les filles, les Autochtones, les personnes allosexuelles, les populations des régions rurales, nordiques ou éloignées, les personnes handicapées, les nouvelles arrivantes et nouveaux arrivants, les enfants et les jeunes, ainsi que les personnes âgées. Elle inclut notamment la mobilisation des hommes et des garçons. La Stratégie créera aussi un centre du savoir sur la violence fondée sur le sexe à Condition féminine Canada afin d’harmoniser les ressources gouvernementales, ainsi que de faciliter la diffusion des connaissances et le développement de la recherche sur la VFS »--Fournis par l'éditeur.</marc:subfield>
    </marc:datafield>
    <marc:datafield tag="692" ind1="0" ind2="7">
      <marc:subfield code="2">gccst</marc:subfield>
      <marc:subfield code="a">Discrimination sexuelle</marc:subfield>
    </marc:datafield>
    <marc:datafield tag="692" ind1="0" ind2="7">
      <marc:subfield code="2">gccst</marc:subfield>
      <marc:subfield code="a">Violence</marc:subfield>
    </marc:datafield>
    <marc:datafield tag="692" ind1="0" ind2="7">
      <marc:subfield code="2">gccst</marc:subfield>
      <marc:subfield code="a">Politique gouvernementale</marc:subfield>
    </marc:datafield>
    <marc:datafield tag="710" ind1="1" ind2=" ">
      <marc:subfield code="a">Canada. </marc:subfield>
      <marc:subfield code="b">Condition féminine Canada.</marc:subfield>
    </marc:datafield>
    <marc:datafield tag="775" ind1="0" ind2="8">
      <marc:subfield code="t">It's time </marc:subfield>
      <marc:subfield code="w">(CaOODSP)9.839055</marc:subfield>
    </marc:datafield>
    <marc:datafield tag="856" ind1="4" ind2="0">
      <marc:subfield code="q">PDF</marc:subfield>
      <marc:subfield code="s">2.01 Mo</marc:subfield>
      <marc:subfield code="u">https://publications.gc.ca/collections/collection_2017/cfc-swc/SW21-172-2017-1-fra.pdf</marc:subfield>
      <marc:subfield code="z">Il est temps d’ouvrir les yeux : qu’est-ce que la violence fondée sur le sexe?</marc:subfield>
    </marc:datafield>
    <marc:datafield tag="856" ind1="4" ind2="0">
      <marc:subfield code="q">PDF</marc:subfield>
      <marc:subfield code="s">2.02 Mo</marc:subfield>
      <marc:subfield code="u">https://publications.gc.ca/collections/collection_2017/cfc-swc/SW21-172-2017-2-fra.pdf</marc:subfield>
      <marc:subfield code="z">Il est temps de tirer en constat : qui la violence fondée sur le sexe touche-t-elle?</marc:subfield>
    </marc:datafield>
    <marc:datafield tag="856" ind1="4" ind2="0">
      <marc:subfield code="q">PDF</marc:subfield>
      <marc:subfield code="s">2.02 Mo</marc:subfield>
      <marc:subfield code="u">https://publications.gc.ca/collections/collection_2017/cfc-swc/SW21-172-2017-3-fra.pdf</marc:subfield>
      <marc:subfield code="z">Il est temps de porter attention : consultations et rapports</marc:subfield>
    </marc:datafield>
    <marc:datafield tag="856" ind1="4" ind2="0">
      <marc:subfield code="q">PDF</marc:subfield>
      <marc:subfield code="s">2.03 Mo</marc:subfield>
      <marc:subfield code="u">https://publications.gc.ca/collections/collection_2017/cfc-swc/SW21-172-2017-4-fra.pdf</marc:subfield>
      <marc:subfield code="z">Il est temps de passer à l’action : mesures fédérales récentes</marc:subfield>
    </marc:datafield>
    <marc:datafield tag="856" ind1="4" ind2="0">
      <marc:subfield code="q">PDF</marc:subfield>
      <marc:subfield code="s">2.03 Mo</marc:subfield>
      <marc:subfield code="u">https://publications.gc.ca/collections/collection_2017/cfc-swc/SW21-172-2017-5-fra.pdf</marc:subfield>
      <marc:subfield code="z">Il est temps : la stratégie du Canada pour prévenir et contrer la violence fondée sur le sexe</marc:subfield>
    </marc:datafield>
    <marc:datafield tag="856" ind1="4" ind2="0">
      <marc:subfield code="q">PDF</marc:subfield>
      <marc:subfield code="s">2.02 Mo</marc:subfield>
      <marc:subfield code="u">https://publications.gc.ca/collections/collection_2017/cfc-swc/SW21-172-2017-6-fra.pdf</marc:subfield>
      <marc:subfield code="z">Glossaire</marc:subfield>
    </marc:datafield>
  </marc:record>
</marc:collection>
